Statystyki dla 15 najlepszych reprezentacji raking FIFA (19.04.2022)

Kliknij tutaj aby rozwiązać quiz!

Ogólne statystyki

  • Ten quiz został rozwiązany 273 razy
  • Średni wynik to 12 z 15

Statystyki odpowiedzi

HintOdpowiedź% Poprawnych
4.Argentyna
97%
3.Francja
97%
1.Brazylia
96%
8.Portugalia
92%
5.Anglia
91%
7.Hiszpania
91%
12.Niemcy
91%
2.Belgia
89%
6.Włochy
88%
10.Holandia
81%
9.Meksyk
68%
13.Urugwaj
64%
15.USA
61%
11.Dania
58%
14.Szwajcaria
58%

Rozkład punktacji

Percentyl według liczby udzielonych odpowiedzi

Procent ludzi z każdym wynikiem

Twoja historia wyników

Nie rozwiązałeś tego quizu